| 000 | 02456nam0a2200361 4500 | ||
|---|---|---|---|
| 001 | RU\NLR\bibl\1350559 | ||
| 005 | 20250615173558.0 | ||
| 010 |
_a978-5-7996-0383-0 _9130 |
||
| 021 |
_aRU _b2009-7782 _9447 |
||
| 035 | _a(nilc)RSL-KNO-004246324 | ||
| 035 | _a(NLR Aleph) 001335653 | ||
| 090 |
_a828439 _c828439 |
||
| 100 | _a20090225d2008 |||y0rusy50 ca | ||
| 101 | 0 | _arus | |
| 102 | _aRU | ||
| 105 | _aa ||||||||| | ||
| 200 | 1 |
_aБиологическая рекультивация и мониторинг нарушенных промышленностью земель _eкурс лекций _eучебное пособие для студентов, обучающихся по направлениям 020200 "Биология", 020800 "Экология и природопользование", специальностям 020201 "Биология" и 020801 "Экология" _fТ. С. Чибрик, М. А. Глазырина _gФедер. агентство по образованию, Урал. гос. ун-т им. А.М. Горького, [Приоритет. нац. проект "Образование"] |
|
| 210 |
_aЕкатеринбург _cИзд-во Уральского ун-та _d2008 |
||
| 215 |
_a192, [1] с. _cил. _d21 |
||
| 225 | 1 | _aЭкология и природопользование | |
| 320 | _aБиблиогр. в конце кн. | ||
| 606 | 1 |
_aБиологическая рекультивация земель нарушенных техногенезом _jУчебные издания для высших учебных заведений _xЭкологический мониторинг _92548974 _3RU\NLR\auth\661508463 |
|
| 610 | 0 | _aСельское и лесное хозяйство. Сельскохозяйственные и лесохозяйственные науки -- Сельскохозяйственные мелиорации -- Сельскохозяйственное освоение и окультуривание земель -- Учебник для высшей школы | |
| 686 |
_aП065я73-1 _2rubbk |
||
| 686 | _aП065.82я73-2 | ||
| 700 | 1 |
_aЧибрик _bТ. С. _gТамара Семеновна _4070 |
|
| 701 | 1 |
_aГлазырина _bМ. А. _gМаргарита Александровна _4070 |
|
| 801 | 0 |
_aRU _bРКП _c20090225 _grcr |
|
| 801 | 1 |
_aRU _bРГБ _c20090225 |
|
| 801 | 2 |
_aRU _bNLR _c20090402 _grcr |
|
| 942 | _cBOOK | ||
| 980 | _aNB | ||